The Liberation of Bangladesh : (Record no. 855)
[ view plain ]
| 000 -LEADER | |
|---|---|
| fixed length control field | 00651nam a2200241 a 4500 |
| 001 - CONTROL NUMBER | |
| JCCL Control Number | 855 |
| 003 - CONTROL NUMBER IDENTIFIER | |
| JCCL marc code | BD-JhCC |
| 005 - DATE AND TIME OF LATEST TRANSACTION | |
| control field | 20171010195043.0 |
| 008 - FIXED-LENGTH DATA ELEMENTS--GENERAL INFORMATION | |
| fixed length control field | 171010s1990 ii |||| |||| 001 0 eng d |
| 020 ## - INTERNATIONAL STANDARD BOOK NUMBER | |
| International Standard Book Number | 0706910575 |
| 035 ## - SYSTEM CONTROL NUMBER | |
| system control number | (BD-JhCC)855 |
| 040 ## - CATALOGING SOURCE | |
| Original cataloging agency | BD-JhCC |
| Modifying agency | BD-JhCC |
| 041 ## - LANGUAGE CODE | |
| Language code of Book | eng |
| 082 ## - DEWEY DECIMAL CLASSIFICATION NUMBER | |
| Classification number | 954.9205 |
| Author mark and Year | SIN 1980 |
| 100 ## - MAIN ENTRY--PERSONAL NAME | |
| Personal name | Sing, Sukhwant |
| 245 ## - TITLE STATEMENT | |
| Title | The Liberation of Bangladesh : |
| Remainder of title | India's wars since independence / |
| Statement of responsibility, etc | Maj Gen Sukhwant Sing |
| 260 ## - PUBLICATION, DISTRIBUTION, ETC. (IMPRINT) | |
| Place of publication, distribution, etc | Dhaka : |
| Name of publisher, distributor, etc | Nawroze Kitbistan; |
| Date of publication, distribution, etc | 1980 |
| 300 ## - PHYSICAL DESCRIPTION | |
| Pagination | 203 p.; |
| Dimensions | 20cm. |
| 505 ## - FORMATTED CONTENTS NOTE | |
| Formatted contents note | Volume 1 |
| 650 ## - SUBJECT ADDED ENTRY--TOPICAL TERM | |
| Topical term or geographic name as entry element | Liberation History |
| Geographic subdivision | Bangladesh |
| 942 ## - ADDED ENTRY ELEMENTS (KOHA) | |
| Source of classification or shelving scheme | Dewey Decimal Classification |
| Koha item type | Books |
| Source of classification or shelving scheme | Damaged status | Not for loan | Home library | Current library | Shelving location | Date of accession | Cost, normal purchase price | Total Checkouts | Full call number | Barcode | Date last seen | Date checked out | Copy number | Koha item type |
|---|---|---|---|---|---|---|---|---|---|---|---|---|---|---|
| Dewey Decimal Classification | JCC Rouf Library | JCC Rouf Library | General Stacks | 10/10/2017 | 60.00 | 1 | 954.04 SIN 1980 | 178 | 11/16/2023 | 11/16/2023 | C-1 | Books |